[Event "Landsturneringen 2009, Klasse 1"]
[Site "Bergen"]
[Date "2009.07.04"]
[Round "1"]
[White "Engen, Roar"]
[Black "Runde, Hans Arild"]
[Result "0-1"]
[WhiteElo "1755"]
[BlackElo "1892"]
[PlyCount "66"]
[EventDate "2009.07.??"]
[EventType "swiss"]
[EventRounds "9"]
[EventCountry "NOR"]
[SourceDate "2009.07.06"]

1. e4 c5 2. Nc3 e6 3. f4 d5 4. Bb5+ Bd7 5. Bxd7+ Qxd7 6. exd5 exd5 7. Qe2+ Be7
8. Nf3 Nc6 9. Ne5 Nxe5 10. fxe5 Nh6 11. O-O d4 12. Ne4 d3 13. Qf2 O-O 14. h3
Qd5 15. Qe3 Qxe5 16. Qxd3 Nf5 17. Nf6+ Bxf6 18. Rxf5 Qe1+ 19. Rf1 Qh4 20. Qf3
Rae8 21. d3 b6 22. Rb1 Re6 23. Bf4 Rfe8 24. Bg3 Qa4 25. Rbe1 Rxe1 26. Rxe1 Bxb2
27. Rxe8+ Qxe8 28. Qb7 g6 29. Qxa7 Qe3+ 30. Kh2 Bd4 31. Qb8+ Kg7 32. Bd6 Qg1+
33. Kg3 Qe1+ 0-1

[Event "Landsturneringen 2009, Klasse 1"]
[Site "Bergen"]
[Date "2009.07.04"]
[Round "1"]
[White "Engevik, Bjarne J"]
[Black "Haugsdal, Arn Tore"]
[Result "1-0"]
[WhiteElo "1672"]
[BlackElo "1875"]
[PlyCount "46"]
[EventDate "2009.07.??"]
[EventType "swiss"]
[EventRounds "9"]
[EventCountry "NOR"]
[SourceDate "2009.07.06"]

1. d4 c5 2. e3 d5 3. c4 e5 4. dxe5 d4 5. Nf3 Nc6 6. Bd3 Bg4 7. Be4 Nxe5 8. O-O
d3 9. Qa4+ Bd7 10. Qb3 Nf6 11. Bxb7 Nfg4 12. Nxe5 Nxe5 13. Bxa8 Qxa8 14. Nc3
Bc6 15. Nd5 Bd6 16. e4 O-O 17. f4 Rb8 18. Qc3 Ng4 19. Qxd3 Re8 20. h3 Nh6 21.
e5 Bb8 22. Be3 Qb7 23. Bxc5 Qxb2 1-0

[Event "Landsturneringen 2009, Klasse 1"]
[Site "Bergen"]
[Date "2009.07.04"]
[Round "1"]
[White "Fjellengen, Bård"]
[Black "Grebstad, Kjell Børre"]
[Result "0-1"]
[WhiteElo "1822"]
[BlackElo "1767"]
[PlyCount "54"]
[EventDate "2009.07.??"]
[EventType "swiss"]
[EventRounds "9"]
[EventCountry "NOR"]
[SourceDate "2009.07.06"]

1. d4 d5 2. c4 c6 3. Nc3 Nf6 4. Nf3 e6 5. Bg5 Bb4 6. Qb3 Ba5 7. e3 O-O 8. Bd3
Nbd7 9. O-O h6 10. Bh4 g5 11. Bg3 Bc7 12. Bxc7 Qxc7 13. cxd5 exd5 14. Rac1 Qd6
15. Qc2 Re8 16. a3 Nf8 17. Ne5 Ng4 18. Nxg4 Bxg4 19. f4 Rxe3 20. fxg5 hxg5 21.
Bh7+ Nxh7 22. Rxf7 Kxf7 23. Qxh7+ Ke6 24. Rf1 Qe7 25. Qg6+ Kd7 26. Rf7 Re1+ 27.
Kf2 Rf8 0-1

[Event "Landsturneringen 2009, Klasse 1"]
[Site "Bergen"]
[Date "2009.07.04"]
[Round "1"]
[White "Haanshuus, Aslak"]
[Black "Jørgensen, Line Jin"]
[Result "1/2-1/2"]
[WhiteElo "1710"]
[BlackElo "1892"]
[PlyCount "82"]
[EventDate "2009.07.??"]
[EventType "swiss"]
[EventRounds "9"]
[EventCountry "NOR"]
[SourceDate "2009.07.06"]

1. d4 d5 2. Nf3 Nf6 3. e3 e6 4. Bd3 Be7 5. O-O Nbd7 6. Nbd2 b6 7. Ne5 Nxe5 8.
dxe5 Nd7 9. f4 Bb7 10. b3 Nc5 11. Bb2 Nxd3 12. cxd3 f5 13. exf6 Bxf6 14. Qc2
Bxb2 15. Qxb2 Qf6 16. Qc2 Rc8 17. Nf3 O-O 18. Ne5 Rfe8 19. d4 c5 20. Qd2 cxd4
21. exd4 Qf5 22. Rac1 Ba6 23. Rfe1 Rf8 24. Nc6 Rc7 25. Nb4 Rxc1 26. Rxc1 Bb5
27. a4 Be8 28. g3 a5 29. Nd3 h6 30. Ne5 g5 31. Qd3 Qxd3 32. Nxd3 b5 33. Rc5
bxa4 34. bxa4 Bxa4 35. Rxa5 Bc2 36. Nc5 Bf5 37. Ra6 gxf4 38. gxf4 Bg4 39. Nxe6
Bxe6 40. Rxe6 Rxf4 41. Rxh6 Rxd4 1/2-1/2

[Event "Landsturneringen 2009, Klasse 1"]
[Site "Bergen"]
[Date "2009.07.04"]
[Round "1"]
[White "Hamre, Einar"]
[Black "Bryn, Thomas"]
[Result "0-1"]
[WhiteElo "1778"]
[BlackElo "1957"]
[PlyCount "72"]
[EventDate "2009.07.??"]
[EventType "swiss"]
[EventRounds "9"]
[EventCountry "NOR"]
[SourceDate "2009.07.06"]

1. e4 e5 2. Nf3 Nc6 3. Bc4 Nf6 4. Ng5 d5 5. exd5 Na5 6. Bb5+ c6 7. dxc6 bxc6 8.
Be2 h6 9. Nf3 e4 10. Ne5 Bc5 11. O-O Qd6 12. Ng4 Bxg4 13. Bxg4 h5 14. Be2 Ng4
15. g3 f5 16. d4 Qxd4 17. Bxg4 hxg4 18. Qe2 Qc4 19. Qe1 Bb6 20. Bg5 Qf7 21. Nc3
Qh5 22. Bh4 Qh7 23. Qd2 Nc4 24. Qf4 g5 25. Qxg5 Bd8 26. Qf4 Bc7 27. Qc1 Ne5 28.
Qe3 Nf3+ 29. Kg2 Nxh4+ 30. gxh4 Qxh4 31. Rh1 O-O-O 32. Qxa7 Qh3+ 33. Kg1 Bxh2+
34. Rxh2 Qxh2+ 35. Kf1 Qh1+ 36. Ke2 Qf3+ 0-1

[Event "Landsturneringen 2009, Klasse 1"]
[Site "Bergen"]
[Date "2009.07.04"]
[Round "1"]
[White "Haugsrud, Håkon"]
[Black "Kristiansen, Ole-Jakob"]
[Result "1-0"]
[WhiteElo "1846"]
[BlackElo "1759"]
[PlyCount "103"]
[EventDate "2009.07.??"]
[EventType "swiss"]
[EventRounds "9"]
[EventCountry "NOR"]
[SourceDate "2009.07.06"]

1. e4 g6 2. d4 Bg7 3. Nf3 c5 4. Nc3 cxd4 5. Nxd4 Nc6 6. Be3 d6 7. Bc4 Nf6 8. f3
O-O 9. Qd2 a6 10. O-O-O Na5 11. Bb3 Qc7 12. Bh6 Bd7 13. h4 Nxb3+ 14. axb3 Qa5
15. Kb1 Rfe8 16. Bxg7 Kxg7 17. h5 Ng8 18. g4 Qc5 19. Nf5+ gxf5 20. Qg5+ Kh8 21.
Rd5 h6 22. Qd2 Qb4 23. g5 Kh7 24. g6+ fxg6 25. hxg6+ Kg7 26. exf5 Rf8 27. Rd4
Qa5 28. Rdh4 Rxf5 29. Rxh6 Qe5 30. Rh7+ Kf8 31. Nd5 Qxd5 32. Qxd5 Rxd5 33. Rf7+
Ke8 34. Rh8 Kd8 35. Rxg8+ Be8 36. g7 Kd7 37. Rf4 Rg5 38. Rg4 Rxg4 39. fxg4 Rc8
40. Rf8 Bf7 41. Rxf7 Rg8 42. g5 d5 43. Kc1 Kd6 44. g6 b5 45. Kd2 a5 46. Ke3 e6
47. Kf4 e5+ 48. Kg5 e4 49. Kh6 e3 50. Rf1 Ke7 51. Kh7 e2 52. Re1 1-0

[Event "Landsturneringen 2009, Klasse 1"]
[Site "Bergen"]
[Date "2009.07.04"]
[Round "1"]
[White "Jacobsen, Maria Pitz"]
[Black "Egeland, Marte"]
[Result "1-0"]
[WhiteElo "1731"]
[BlackElo "1881"]
[PlyCount "81"]
[EventDate "2009.07.??"]
[EventType "swiss"]
[EventRounds "9"]
[EventCountry "NOR"]
[SourceDate "2009.07.06"]

1. e4 d5 2. exd5 Nf6 3. d4 Nxd5 4. c4 Nb6 5. Nc3 e5 6. dxe5 Qxd1+ 7. Kxd1 Nc6
8. Bf4 Be6 9. b3 O-O-O+ 10. Ke1 Nb4 11. Rc1 Bf5 12. Be2 Bc5 13. g4 Bd3 14. Rd1
Rhe8 15. h4 f6 16. Rh3 Nc2+ 17. Kf1 Bxe2+ 18. Ngxe2 Rxd1+ 19. Nxd1 fxe5 20. Be3
Nxe3+ 21. Nxe3 Rf8 22. Nc3 Kd7 23. Ne4 Bb4 24. Nf5 g6 25. Rd3+ Ke6 26. Ng5+ Kf6
27. Nxh7+ Kf7 28. Nxf8 gxf5 29. Nd7 e4 30. Rd1 Ke6 31. Nxb6 axb6 32. g5 Bd6 33.
Ke2 f4 34. Rg1 Be5 35. g6 Bg7 36. Rg5 f3+ 37. Kf1 Kf6 38. Ke1 Bh6 39. Rg1 e3
40. fxe3 Bxe3 41. Rg3 1-0

[Event "Landsturneringen 2009, Klasse 1"]
[Site "Bergen"]
[Date "2009.07.05"]
[Round "1"]
[White "Johansen, Lars"]
[Black "Sandal, Eirik"]
[Result "0-1"]
[WhiteElo "1795"]
[BlackElo "1937"]
[PlyCount "58"]
[EventDate "2009.07.??"]
[EventType "swiss"]
[EventRounds "9"]
[EventCountry "NOR"]
[SourceDate "2009.07.06"]

1. e4 c5 2. Nf3 d6 3. d4 cxd4 4. Nxd4 Nf6 5. Nc3 a6 6. Be3 e5 7. Nb3 Be7 8. f3
Be6 9. Qd2 O-O 10. O-O-O a5 11. Kb1 a4 12. Nc1 Nc6 13. g4 Ra5 14. g5 Ne8 15. h4
Qd7 16. Bb6 Ra8 17. Nd5 Bd8 18. Be3 Ba5 19. Qf2 f5 20. gxf6 Nxf6 21. Nxf6+ Rxf6
22. Bg5 Rf7 23. Bb5 Qc7 24. c3 a3 25. b4 Bb6 26. Qg3 Na7 27. Be2 Qxc3 28. Nd3
Bxa2+ 29. Kxa2 Qc2+ 0-1

[Event "Landsturneringen 2009, Klasse 1"]
[Site "Bergen"]
[Date "2009.07.04"]
[Round "1"]
[White "Larsen, Stig Børje"]
[Black "Birkeland, Trond"]
[Result "1-0"]
[WhiteElo "1842"]
[BlackElo "1772"]
[PlyCount "109"]
[EventDate "2009.07.??"]
[EventType "swiss"]
[EventRounds "9"]
[EventCountry "NOR"]
[SourceDate "2009.07.06"]

1. e4 e6 2. d4 d5 3. Nc3 Bb4 4. e5 c5 5. a3 Bxc3+ 6. bxc3 Ne7 7. Qg4 O-O 8. Bd3
Qc7 9. Bh6 Ng6 10. Bd2 c4 11. Be2 f6 12. f4 fxe5 13. fxe5 Qf7 14. Nh3 Qf5 15.
Qxf5 Rxf5 16. Bg4 Rf8 17. Ke2 Nc6 18. Rab1 h6 19. a4 Nd8 20. Bh5 Ne7 21. Bc1 g6
22. Ba3 Ndc6 23. Bg4 b6 24. Rbf1 Rxf1 25. Rxf1 Nf5 26. Nf4 Kf7 27. Bf3 Bd7 28.
g4 Nfxd4+ 29. cxd4 Nxd4+ 30. Kd2 Bxa4 31. c3 Nb3+ 32. Ke3 Rb8 33. Bd6 Rc8 34.
Ne2 Kg7 35. Bg2 Bd7 36. h4 a5 37. g5 hxg5 38. hxg5 a4 39. Rf6 Ra8 40. Ba3 Nc5
41. Nf4 Be8 42. Nxe6+ Nxe6 43. Rxe6 Bf7 44. Rxb6 Rh8 45. Rb7 Rh2 46. Bxd5 Rh3+
47. Bf3 Kg8 48. Rb8+ Kg7 49. Kf4 Rh2 50. Bc5 Be6 51. Rb7+ Kg8 52. Re7 Bf7 53.
e6 Bxe6 54. Rxe6 Rc2 55. Rxg6+ 1-0

[Event "Landsturneringen 2009, Klasse 1"]
[Site "Bergen"]
[Date "2009.07.04"]
[Round "1"]
[White "Norberg, Espen"]
[Black "Nygaard, Timmie"]
[Result "1-0"]
[WhiteElo "1871"]
[BlackElo "1755"]
[PlyCount "101"]
[EventDate "2009.07.??"]
[EventType "swiss"]
[EventRounds "9"]
[EventCountry "NOR"]
[SourceDate "2009.07.06"]

1. d4 Nf6 2. c4 e6 3. Nc3 d5 4. Bg5 Be7 5. e3 O-O 6. Nf3 b6 7. Be2 Bb7 8. O-O
Nbd7 9. Qb3 c5 10. Rfd1 dxc4 11. Qxc4 Nd5 12. Bxe7 Qxe7 13. Rac1 Rac8 14. Qa4
a5 15. Nd2 cxd4 16. Qxd4 Nxc3 17. Rxc3 Rxc3 18. Qxc3 Nf6 19. Nc4 Rc8 20. Qd4
Qb4 21. Qxb6 g6 22. Qxb4 axb4 23. Nd6 Rc7 24. Nxb7 Rxb7 25. Bc4 Rc7 26. Bb3 Ne4
27. Kf1 Nc5 28. Rc1 Kf8 29. Rc4 Na6 30. Rxc7 Nxc7 31. Ke2 Ke7 32. Kd3 Kd6 33.
Kc4 Na6 34. Kb5 Nc5 35. Bc2 b3 36. axb3 Nd7 37. Kc4 Kc6 38. Kc3 Kc5 39. b4+ Kb5
40. Bd3+ Kc6 41. Be2 Nb6 42. Kd4 Nd7 43. h4 h5 44. Bc4 Kb6 45. f4 Kc6 46. e4
Nb6 47. Bb3 Kd6 48. f5 gxf5 49. exf5 Nd5 50. Bxd5 exd5 51. b5 1-0

[Event "Landsturneringen 2009, Klasse 1"]
[Site "Bergen"]
[Date "2009.07.04"]
[Round "1"]
[White "Skøien, Håvard"]
[Black "Agdestein, Pål"]
[Result "1/2-1/2"]
[WhiteElo "1978"]
[BlackElo "1795"]
[PlyCount "88"]
[EventDate "2009.07.??"]
[EventType "swiss"]
[EventRounds "9"]
[EventCountry "NOR"]
[SourceDate "2009.07.06"]

1. d4 d5 2. c4 e6 3. Nf3 c6 4. Qc2 Nf6 5. Bg5 Nbd7 6. cxd5 exd5 7. Nc3 h6 8.
Bf4 Qa5 9. Nd2 Nh5 10. Nb3 Qd8 11. Bd2 Nb6 12. e4 dxe4 13. O-O-O Be7 14. Nxe4
Nd5 15. Ba5 Qd7 16. Nbc5 Qg4 17. f3 Qg6 18. Bd2 f5 19. g4 Nhf4 20. gxf5 Bxf5
21. Nxb7 O-O 22. Bc4 Kh8 23. Rhe1 Rae8 24. Nbc5 Bd6 25. Qa4 Nb6 26. Qb3 Nxc4
27. Qxc4 Bxc5 28. dxc5 Be6 29. Qc2 Bxa2 30. Bxf4 Rxf4 31. Nc3 Bf7 32. Qxg6 Bxg6
33. Rxe8+ Bxe8 34. Re1 Bh5 35. Re7 Rxf3 36. Rxa7 Rf1+ 37. Kc2 Rf2+ 38. Kb3 Rxh2
39. Na2 g5 40. Nb4 Bf3 41. Rc7 Rh3 42. Ka4 Rh4 43. Kb3 g4 44. Nxc6 Bxc6 1/2-1/2

[Event "Landsturneringen 2009, Klasse 1"]
[Site "Bergen"]
[Date "2009.07.04"]
[Round "1"]
[White "Stake-Larsen, Gunnar"]
[Black "Fredriksen, Jan Gunnar"]
[Result "1-0"]
[WhiteElo "1945"]
[BlackElo "1806"]
[PlyCount "103"]
[EventDate "2009.07.??"]
[EventType "swiss"]
[EventRounds "9"]
[EventCountry "NOR"]
[SourceDate "2009.07.06"]

1. d4 Nf6 2. c4 Nc6 3. Nf3 d6 4. g3 e5 5. dxe5 Nxe5 6. Bg2 Be7 7. O-O O-O 8. b3
Nxf3+ 9. Bxf3 Nd7 10. Nc3 Bf6 11. Bb2 Ne5 12. Bg2 Nc6 13. Qd2 Bg4 14. h3 Bf5
15. Kh2 Re8 16. e4 Bd7 17. Rad1 b6 18. f4 Bxc3 19. Bxc3 f6 20. e5 fxe5 21. fxe5
Nxe5 22. Qd5+ Be6 23. Qxa8 Qxa8 24. Bxa8 Rxa8 25. Bxe5 dxe5 26. Rfe1 Rf8 27.
Rd2 Rf6 28. Rxe5 Kf7 29. Kg2 a5 30. Rd4 Rh6 31. h4 Rf6 32. Rf4 Rxf4 33. gxf4 a4
34. Kf2 g6 35. Ke3 axb3 36. axb3 Ke7 37. Kd4 Kd6 38. b4 Kd7 39. c5 bxc5+ 40.
Kxc5 Bg4 41. Re3 Bf5 42. Ra3 Be4 43. Ra7 h5 44. b5 Kd8 45. b6 cxb6+ 46. Kxb6
Ke8 47. Kc5 Kf8 48. Kd6 Bd3 49. Ke5 Kg8 50. Kf6 Bc2 51. Rg7+ Kh8 52. Rxg6 1-0

[Event "Landsturneringen 2009, Klasse 1"]
[Site "Bergen"]
[Date "2009.07.04"]
[Round "1"]
[White "Stokke, Jan"]
[Black "Hagen, Brede Andre Larsen"]
[Result "1/2-1/2"]
[WhiteElo "1753"]
[BlackElo "1867"]
[PlyCount "45"]
[EventDate "2009.07.??"]
[EventType "swiss"]
[EventRounds "9"]
[EventCountry "NOR"]
[SourceDate "2009.07.06"]

1. Nf3 d5 2. g3 Nf6 3. Bg2 c5 4. c4 e6 5. O-O Be7 6. d4 O-O 7. Nc3 Nc6 8. cxd5
Nxd5 9. e4 Nxc3 10. bxc3 b6 11. Bf4 Ba6 12. Re1 Na5 13. d5 exd5 14. exd5 Bd6
15. Ne5 Qc7 16. Qh5 Nc4 17. Re4 Nxe5 18. Rxe5 Bd3 19. Rae1 c4 20. Re7 Qb8 21.
Bxd6 Qxd6 22. Rb7 g6 23. Qh3 1/2-1/2

[Event "Landsturneringen 2009, Klasse 1"]
[Site "Bergen"]
[Date "2009.07.04"]
[Round "1"]
[White "Theting, Helge E"]
[Black "Tømte, Asbjørn"]
[Result "1-0"]
[WhiteElo "1828"]
[BlackElo "1756"]
[PlyCount "65"]
[EventDate "2009.07.??"]
[EventType "swiss"]
[EventRounds "9"]
[EventCountry "NOR"]
[SourceDate "2009.07.06"]

1. Nf3 Nf6 2. g3 d6 3. Bg2 e5 4. O-O Be7 5. c4 O-O 6. d4 Nbd7 7. Nc3 c6 8. Bg5
Ng4 9. Bxe7 Qxe7 10. h3 Nh6 11. e3 e4 12. Nd2 f5 13. b4 Kh8 14. Nb3 g5 15. b5
Nf6 16. Na5 Qc7 17. Qa4 Bd7 18. Rab1 Rab8 19. Rb2 c5 20. Rd1 Rbe8 21. Nb3 f4
22. dxc5 dxc5 23. Qxa7 fxe3 24. Qxc5 exf2+ 25. Rxf2 Qxg3 26. Ne2 Qe5 27. Rd5
Nxd5 28. Rxf8+ Rxf8 29. Qxf8+ Ng8 30. cxd5 Qxd5 31. Qc5 Qxc5+ 32. Nxc5 Bxb5 33.
Nc3 1-0

[Event "Landsturneringen 2009, Klasse 1"]
[Site "Bergen"]
[Date "2009.07.04"]
[Round "1"]
[White "Thomassen, Thomas"]
[Black "Kverndal, Leif"]
[Result "1-0"]
[WhiteElo "1952"]
[BlackElo "1813"]
[PlyCount "77"]
[EventDate "2009.07.??"]
[EventType "swiss"]
[EventRounds "9"]
[EventCountry "NOR"]
[SourceDate "2009.07.06"]

1. c4 Nf6 2. Nc3 c5 3. Nf3 g6 4. e4 Bg7 5. d4 cxd4 6. Nxd4 Nc6 7. Be3 O-O 8.
Be2 d6 9. O-O h5 10. f3 Nh7 11. Nc2 Be6 12. Qd2 Qa5 13. Nd4 Ne5 14. Nxe6 fxe6
15. a3 Rac8 16. b4 Qd8 17. Rac1 Nxc4 18. Bxc4 Rxc4 19. Bxa7 Qd7 20. Be3 Rfc8
21. Ne2 b5 22. Rxc4 bxc4 23. Bd4 e5 24. Be3 Nf8 25. Nc3 Ne6 26. a4 Nd4 27. b5
e6 28. b6 Nb3 29. Qc2 d5 30. exd5 exd5 31. Qxg6 d4 32. Ne4 Rc6 33. b7 Qxb7 34.
Qe8+ Bf8 35. Bg5 Qc7 36. Be7 Qxe7 37. Qxc6 Nd2 38. Nxd2 Kg7 39. Qxc4 1-0

[Event "Landsturneringen 2009, Klasse 1"]
[Site "Bergen"]
[Date "2009.07.04"]
[Round "1"]
[White "Thorstensen, Espen"]
[Black "Bjornes, Leif"]
[Result "1-0"]
[WhiteElo "1910"]
[BlackElo "1787"]
[PlyCount "79"]
[EventDate "2009.07.??"]
[EventType "swiss"]
[EventRounds "9"]
[EventCountry "NOR"]
[SourceDate "2009.07.06"]

1. e4 c6 2. d4 d5 3. exd5 cxd5 4. h3 Nc6 5. Nf3 g6 6. Bd3 Bg7 7. c3 Nh6 8. O-O
Bf5 9. Re1 O-O 10. Bg5 f6 11. Bxh6 Bxh6 12. Bxf5 gxf5 13. Nh4 Qd7 14. Qh5 Bg5
15. Nf3 Qe8 16. Qxe8 Raxe8 17. Nxg5 fxg5 18. Nd2 g4 19. Kh2 e5 20. Nb3 gxh3 21.
gxh3 exd4 22. Nxd4 Nxd4 23. cxd4 Re4 24. Rac1 Rf7 25. Rxe4 fxe4 26. Kg2 Kg7 27.
Rc5 Rd7 28. a4 Kf6 29. b4 a6 30. b5 axb5 31. Rxb5 Ke7 32. a5 Kd6 33. h4 Kc7 34.
Kg3 Kc6 35. Rb6+ Kc7 36. Rf6 Rd6 37. Rxd6 Kxd6 38. Kf4 Ke6 39. Kg5 h5 40. Kg6
1-0

[Event "Landsturneringen 2009, Klasse 1"]
[Site "Bergen"]
[Date "2009.07.04"]
[Round "1"]
[White "Valla, Martin"]
[Black "Løberg, Jo Kristian"]
[Result "1-0"]
[WhiteElo "1976"]
[BlackElo "1795"]
[PlyCount "51"]
[EventDate "2009.07.??"]
[EventType "swiss"]
[EventRounds "9"]
[EventCountry "NOR"]
[SourceDate "2009.07.06"]

1. d4 d5 2. c4 c6 3. Nf3 Nf6 4. Nc3 dxc4 5. a4 Bf5 6. Ne5 Nbd7 7. Nxc4 Qc7 8.
g3 e5 9. dxe5 Nxe5 10. Bf4 Nfd7 11. Bg2 g5 12. Nxe5 gxf4 13. Nxd7 O-O-O 14. Qd4
Qxd7 15. Qxf4 Bg7 16. O-O Bxc3 17. bxc3 Bg6 18. a5 Qd2 19. Bh3+ f5 20. Bxf5+
Bxf5 21. Qxf5+ Kb8 22. Qe5+ Ka8 23. a6 b6 24. Rad1 Qxd1 25. Rxd1 Rxd1+ 26. Kg2
1-0

[Event "Landsturneringen 2009, Klasse 1"]
[Site "Bergen"]
[Date "2009.07.04"]
[Round "1"]
[White "Vigdal, Per Kr"]
[Black "Gulbrandsen, Tor"]
[Result "0-1"]
[WhiteElo "1800"]
[BlackElo "1899"]
[PlyCount "74"]
[EventDate "2009.07.??"]
[EventType "swiss"]
[EventRounds "9"]
[EventCountry "NOR"]
[SourceDate "2009.07.06"]

1. e4 e5 2. Nf3 Nf6 3. Nc3 Nc6 4. Bc4 Nxe4 5. Bxf7+ Kxf7 6. Nxe4 Be7 7. d4 exd4
8. Nfg5+ Kg8 9. Qh5 g6 10. Qh6 d5 11. Ng3 Bf8 12. Qh4 h6 13. Nf3 Qxh4 14. Nxh4
Kg7 15. O-O b6 16. f4 Ba6 17. Re1 Bc5 18. Kh1 Rhe8 19. Bd2 Nb4 20. f5 g5 21.
Nh5+ Kf7 22. Nf3 Nxc2 23. Rxe8 Rxe8 24. Rc1 d3 25. h4 g4 26. Nh2 Be3 27. Bxe3
Rxe3 28. Nxg4 d2 29. Rg1 Re1 30. Nf2 Be2 31. Nf4 Rxg1+ 32. Kxg1 d1=Q+ 33. Nxd1
Bxd1 34. Nxd5 c6 35. Nf4 Nd4 36. Nd3 h5 37. Kf2 Kf6 0-1

[Event "Landsturneringen 2009, Klasse 1"]
[Site "Bergen"]
[Date "2009.07.04"]
[Round "2"]
[White "Nygaard, Timmie"]
[Black "Vigdal, Per Kr"]
[Result "1-0"]
[WhiteElo "1755"]
[BlackElo "1800"]
[PlyCount "89"]
[EventDate "2009.07.??"]
[EventType "swiss"]
[EventRounds "9"]
[EventCountry "NOR"]
[SourceDate "2009.07.06"]

1. c4 Nf6 2. g3 g6 3. Bg2 Bg7 4. Nc3 O-O 5. e4 d6 6. Nge2 Nbd7 7. O-O a6 8. d4
Rb8 9. a4 c5 10. d5 Ne5 11. b3 Qb6 12. a5 Qc7 13. h3 b5 14. f4 Ned7 15. Be3 b4
16. Na4 Nh5 17. Rb1 Qxa5 18. g4 Nhf6 19. e5 Ne8 20. exd6 exd6 21. Qd2 Qd8 22.
Ng3 Kh8 23. f5 Ne5 24. Rbe1 Bd7 25. Nxc5 dxc5 26. Bxc5 Rg8 27. f6 Bxf6 28. Rxf6
Qxf6 29. Bd4 Ng7 30. Bxe5 Qb6+ 31. Kh1 Rbe8 32. Bxg7+ Kxg7 33. Ne4 f5 34. c5
Qd8 35. gxf5 Bxf5 36. Qd4+ Kf8 37. c6 Bxe4 38. Bxe4 Qd6 39. Rf1+ Ke7 40. Qa7+
Kd8 41. Qa8+ Ke7 42. Qb7+ Kd8 43. Rf7 Re7 44. Rxe7 Qxe7 45. Qb8# 1-0

[Event "Landsturneringen 2009, Klasse 1"]
[Site "Bergen"]
[Date "2009.07.07"]
[Round "4"]
[White "Andersen, Dag"]
[Black "Boger, Raymond"]
[Result "0-1"]
[WhiteElo "1732"]
[BlackElo "1762"]
[PlyCount "26"]
[EventDate "2009.07.??"]
[EventType "swiss"]
[EventRounds "9"]
[EventCountry "NOR"]
[SourceDate "2009.07.06"]

1. d4 g6 2. e4 d6 3. Nc3 e5 4. Nf3 Nc6 5. h3 Bg7 6. Be3 exd4 7. Nxd4 Nge7 8.
Qd2 f5 9. O-O-O f4 10. Nxc6 fxe3 11. Qxe3 Nxc6 12. Bc4 Na5 13. Be2 O-O 0-1

[Event "Landsturneringen 2009, Klasse 1"]
[Site "Bergen"]
[Date "2009.07.07"]
[Round "4"]
[White "Skøien, Håvard"]
[Black "Gulbrandsen, Tor"]
[Result "1-0"]
[WhiteElo "1978"]
[BlackElo "1899"]
[PlyCount "45"]
[EventDate "2009.07.??"]
[EventType "swiss"]
[EventRounds "9"]
[EventCountry "NOR"]
[SourceDate "2009.07.06"]

1. d4 Nf6 2. c4 e6 3. Nf3 d5 4. Bg5 Nbd7 5. cxd5 exd5 6. Nc3 c6 7. e3 Be7 8.
Bd3 O-O 9. Qc2 Re8 10. O-O Nf8 11. Ne5 Ng4 12. Bxe7 Qxe7 13. Nf3 Be6 14. h3 Nh6
15. e4 dxe4 16. Bxe4 Rad8 17. Rfe1 f5 18. Bd3 Qf6 19. Qa4 g5 20. d5 cxd5 21.
Qxa7 Ng6 22. Qd4 Qf7 23. Nxg5 1-0

[Event "Landsturneringen 2009, Klasse 1"]
[Site "Bergen"]
[Date "2009.07.09"]
[Round "6"]
[White "Løberg, Jo Kristian"]
[Black "Einarsen, Kenneth"]
[Result "0-1"]
[WhiteElo "1795"]
[BlackElo "1850"]
[PlyCount "50"]
[EventDate "2009.07.??"]
[EventType "swiss"]
[EventRounds "9"]
[EventCountry "NOR"]
[SourceDate "2009.07.06"]

1. e4 d6 2. d4 Nf6 3. Bd3 g6 4. Nf3 Bg7 5. O-O O-O 6. c3 Bg4 7. Nbd2 e5 8. h3
Bxf3 9. Nxf3 Nc6 10. dxe5 dxe5 11. Be3 Nh5 12. Qc2 Nf4 13. Bxf4 exf4 14. Rad1
Qf6 15. Rd2 h5 16. Qb3 g5 17. Nd4 Nxd4 18. cxd4 f3 19. g3 Qxd4 20. Qxb7 Rad8
21. Qxc7 Be5 22. Qe7 Bf6 23. Qa3 h4 24. g4 Qe5 25. Qa6 Qf4 0-1

[Event "Landsturneringen 2009, Klasse 1"]
[Site "Bergen"]
[Date "2009.07.09"]
[Round "6"]
[White "Stake-Larsen, Gunnar"]
[Black "Eikeland, Erik"]
[Result "0-1"]
[WhiteElo "1945"]
[BlackElo "1782"]
[PlyCount "46"]
[EventDate "2009.07.??"]
[EventType "swiss"]
[EventRounds "9"]
[EventCountry "NOR"]
[SourceDate "2009.07.06"]

1. d4 d5 2. c4 e6 3. Nc3 c6 4. e3 Nf6 5. Nf3 Nbd7 6. Qc2 a6 7. e4 dxc4 8. Bxc4
b5 9. Be2 c5 10. d5 exd5 11. exd5 Bd6 12. Bg5 h6 13. Bh4 O-O 14. Ne4 Qa5+ 15.
Kf1 Nxe4 16. Qxe4 Bb7 17. Bd3 g6 18. Bg3 Rfe8 19. Qh4 Bf8 20. Qg4 Nf6 21. Qh4
g5 22. Nxg5 Qd2 23. Be4 hxg5 0-1

[Event "Landsturneringen 2009, Klasse 1"]
[Site "Bergen"]
[Date "2009.07.10"]
[Round "7"]
[White "Einarsen, Kenneth"]
[Black "Bryn, Thomas"]
[Result "0-1"]
[WhiteElo "1850"]
[BlackElo "1957"]
[PlyCount "74"]
[EventDate "2009.07.??"]
[EventType "swiss"]
[EventRounds "9"]
[EventCountry "NOR"]
[SourceDate "2009.07.06"]

1. e4 e5 2. Nf3 Nc6 3. Bc4 Bc5 4. b4 Bxb4 5. c3 Ba5 6. d4 exd4 7. O-O Nge7 8.
Ng5 d5 9. exd5 Ne5 10. Bb3 O-O 11. Qxd4 N7g6 12. c4 Qf6 13. Be3 Bf5 14. Ne4 Qh4
15. f3 Rfe8 16. Bf2 Qh5 17. Ng3 Qg5 18. f4 Nxf4 19. Be3 Qxg3 20. hxg3 Ne2+ 21.
Kh1 Nxg3+ 22. Kg1 Ne2+ 23. Kh1 Nxd4 24. Bxd4 Bd3 25. Rc1 Ng6 26. Na3 a6 27. Rd1
Be4 28. Kh2 Bb4 29. Nc2 Bd6+ 30. g3 Ne5 31. Rf1 Nf3+ 32. Rxf3 Bxf3 33. Be3 Be4
34. Re1 Bxc2 35. Bxc2 Bc5 36. Bd2 Rxe1 37. Bxe1 Re8 0-1

[Event "Landsturneringen 2009, Klasse 1"]
[Site "Bergen"]
[Date "2009.07.10"]
[Round "7"]
[White "Pettersen, Joar Gullestad"]
[Black "Birkeland, Trond"]
[Result "1-0"]
[WhiteElo "1940"]
[BlackElo "1772"]
[PlyCount "89"]
[EventDate "2009.07.??"]
[EventType "swiss"]
[EventRounds "9"]
[EventCountry "NOR"]
[SourceDate "2009.07.06"]

1. d4 Nf6 2. c4 g6 3. Nc3 Bg7 4. e4 d6 5. f3 O-O 6. Bg5 c5 7. d5 h6 8. Be3 e6
9. Qd2 Kh7 10. Nge2 exd5 11. cxd5 Re8 12. Nc1 a6 13. a4 Nbd7 14. Be2 Ne5 15.
O-O Qa5 16. Ra3 Qd8 17. h3 Nh5 18. f4 Nd7 19. Bxh5 gxh5 20. Nd3 Re7 21. a5 c4
22. Nf2 Nf6 23. Bd4 Qe8 24. e5 dxe5 25. fxe5 Rxe5 26. Bxe5 Qxe5 27. Raa1 Bd7
28. Rae1 Qg3 29. Re3 Qg6 30. Nfe4 Rg8 31. Qc2 Nxe4 32. Qxe4 f5 33. Qe7 Kh8 34.
Re2 Bd4+ 35. Kh1 Rg7 36. Qh4 Be3 37. Nd1 Bc5 38. Rfe1 Bd6 39. Rf1 f4 40. Nc3
Bf5 41. Rff2 Bd3 42. Re6 Qg3 43. Rxh6+ Kg8 44. Qxh5 Re7 45. Rh8+ 1-0